000
00298nam a2200121Ia 4500
008
191201s2009 xx 000 0 und d
100
_a
GREENLAW, Raymond
245
0
_a
Inline online fundamental of the internet
260
_c
2009
_b
TMH
_a
N. delhi
300
_a
696
650
_a
CSE
942
_2
ddc
_c
BB
999
_c
7719
_d
7719